Szczegóły MARC21

Postępy promocji zdrowia : przegląd międzynarodowy /

003 -Nazwa inst., której nr kontr. jest w polu 001 [,]
    • @
    • Nazwa instytucji, której n kontrolny jest w polu 001
    • NUKAT
005 -DATA I CZAS OSTATNIEJ MODYFIKACJI [,]
    • @
    • pole kontrolne
    • 20241231094233.0
020 -Międzynarod. znormalizowany nr książki - ISBN [ , ]
    • a
    • Numer ISBN
    • 9788375560879 Find
040 -Instytucja sporządzająca opis [ , ]
    • a
    • Instytucja, która sporządziła opis (NP)
    • SZCZ 010/KW
    • c
    • Instytucja, która sporządziła rekord (NP)
    • SZCZ 010/KW
    • d
    • Instytucja, która zmodyfikowała rekord (P)
    • SZCZ 010/JT
    • d
    • Instytucja, która zmodyfikowała rekord (P)
    • KR U/42JCs
942 -Rodzaj dokumentu [ , ]
    • c
    • Rodzaj dokumentu
    • Książka
100 -Hasło główne - nazwa osobowa [1, ]
    • a
    • Nazwa osobowa (NP)
    • Karski, Jerzy Bohdan
    • d
    • Daty biograficzne (NP)
    • (1934-2009).
    • 9
    • KHW
    • 66446
245 -Strefa tytułu i oznaczenia odpowiedzialności [1,0]
    • a
    • Tytuł
    • Postępy promocji zdrowia : Find
    • b
    • Ciąg dalszy tytułu (NP)
    • przegląd międzynarodowy / Find
    • c
    • Pozostałe elementy strefy tytułu i oznaczenia odpowiedzialności (NP)
    • Jerzy B. Karski.
250 -Strefa wydania [ , ]
    • a
    • Oznaczenie wydania (NP)
    • Wyd. 3.
260 -Strefa adresu wydawniczego [ , ]
    • a
    • Miejsce wydania (P)
    • Warszawa :
    • b
    • Nazwa wydawcy (P)
    • CeDeWu Wydawnictwa Fachowe,
    • c
    • Data wydania (P)
    • 2008.
300 -Strefa opisu fizycznego [ , ]
    • a
    • Określenie formy książki i/lub objętość (NP)
    • 218 s. :
    • b
    • Oznaczenie ilustracji (NP)
    • il. ;
    • c
    • Format (NP)
    • 24 cm.
336 -Typ zawartości [ , ]
    • a
    • Termin opisujący typ zawartości
    • Tekst
    • b
    • Kod określający zawartość
    • txt
    • 2
    • Źródło (terminu i kodu)
    • rdacontent
337 -Typ mediów [ , ]
    • a
    • Tryb odtwarzania
    • Bez urządzenia pośredniczącego
    • b
    • Kod typu mediów
    • n
    • 2
    • Źródło (terminu i kodu)
    • rdamedia
338 -Typ/rodzaj nośnika [ , ]
    • a
    • Hasło opisujące typ nośnika
    • Wolumin
    • b
    • Kod typu nośnika
    • nc
    • 2
    • Źródło (terminu i kodu)
    • rdacarrier
504 -Uwaga dot. bibliogr. załącznikowej [ , ]
    • a
    • Uwaga dot. bibliografii załącznikowej
    • Bibliogr. s. 211-218.
080 -Uniwersalna Klasyfikacja Dziesiętna [ , ]
    • 2
    • Identyfikator wydania tablic
    • UDC-P058
    • 9
    • UKD
    • 4600
    • a
    • Symbol klasyfikacji
    • 614
    • b
    • Dopowiedzenie
    • Zdrowie i bezpieczeństwo publiczne.
    • 4
    • UKD2
    • 9050
    • x
    • Poddział wspólny
    • -048.65
    • c
    • Dopowiedzenie poddz. wspólnego
    • -Promocja. Zachęcanie. Stymulacja.
650 -Hasło przedmiotowe [ ,7]
    • a
    • Hasło przedmiotowe
    • Promocja zdrowia.
    • 2
    • Źródło terminu
    • kaba
    • 9
    • KHW
    • 126193
650 -Hasło przedmiotowe [ ,7]
    • a
    • Hasło przedmiotowe
    • Promocja zdrowia
    • x
    • Określnik rzeczowy
    • aspekt społeczny.
    • 2
    • Źródło terminu
    • kaba
    • 9
    • KHW
    • 381630
650 -Hasło przedmiotowe [ ,7]
    • a
    • Hasło przedmiotowe
    • Zdrowie publiczne.
    • 2
    • Źródło terminu
    • kaba
    • 9
    • KHW
    • 137718
980 -Symbol UKD [ , ]
    • a
    • UKD
    • 614-048.65
920 -ISBN [ , ]
    • a
    • ISBN
    • 978-83-7556-087-9 Find
Numer inwentarzowy Lokalizacja Sygnatura Status udost. Data inwentaryzacji
WM.10645BG -22009-11-30
WM.10646BG -22009-11-30
WF.8591BMZdrowie publiczne 2012009-11-30